| 000 | 00933nam0a22002531 4500 | ||
|---|---|---|---|
| 001 | rc\3449555 | ||
| 005 | 20260407123235.0 | ||
| 021 |
_aRU _b[72-18224] |
||
| 035 | _a(NLR Aleph) 007890961 | ||
| 090 |
_a7977813 _c7977813 |
||
| 100 | _a20130115d1972 |||y0rusy50 ca | ||
| 101 | 0 | _arus | |
| 102 | _aRU | ||
| 105 | _ay z ||||| | ||
| 200 | 1 |
_aОпыт работы локомотивного депо Бельцы Одесско-Кишиневской дороги _fНауч.-техн. о-во ж.-д. транспорта |
|
| 210 |
_aМосква _cТранспорт _d1972 |
||
| 215 |
_a23 с. _d21 |
||
| 606 |
_aЛокомотивные депо _xОрганизация работы _2psbo |
||
| 712 | 0 | 2 |
_aНТО железнодорожного транспорта _cМосква _3RU\NLR\AUTH\889961179 _9418666 |
| 801 | 0 |
_aRU _bNLR _gpsbo |
|
| 801 | 1 |
_aRU _bELAR _2rusmarc |
|
| 852 |
_aNLR _j72-6/2376 |
||
| 942 | _cBOOK | ||
| 980 | _aNB | ||